000 01156naa a22003137a 4500
001 BR8001941
003 BR-BrBNA
005 20240918174541.0
007 ta
008 230509b bl.||||| |||| 00| 0 por d
040 _aBR-BrBNA
_bpor
_cBiblioteca Nacional de Agricultura
041 _a(Pt)
072 _aF60
_b1000
_b3801
_bG514
090 _aF60 BR8001941
100 1 _aRodriguez, o.
245 1 _aNutricao e adubacao dos citros [Sao Paulo; Brasil]
246 1 _a[Citrus nutrition manuring [Sao Paulo; Brazil]]
246 1 _a[BRAZILIAN CITRICULTURE]
260 3 _aCampinas, SP (Brasil):
_c1980.
500 _aRodriguez, O.; Viegas, F. (eds.) Citricultura brasileira Campinas, SP (Brasil): 1980. v. 2 p. 385-428 (BR8001941-AM)F60
650 _aNutricao vegetal
650 _aFruta citrica
650 _aFertilizante
650 _aMicroelemento
650 _aSao Paulo
773 0 _tCitricultura brasileira
_aRodriguez, O.; Viegas, F.; Pompeu Junior, J.; Amaro, A.A. - Fundacao Cargill, Campinas, SP (Brasil)
_b2. ed.
_w1000 BR9207802
_gCampinas, SP (Brasil), 1991.
_q2 v.
909 _a202404
_bLucia
_c55
_dLucia Elande
942 _cAM
_2AGRIS
999 _c311939
_d311939